Vapor-liquid equilibrium data collection Alcohols: Supplement 7, 2-propyn-1-ol, 2-propen-1-ol, 2,3-epoxy-1-propanol, 1-propanol, 2-propanol, 1,2-propanediol
Salvato in:
| Autore principale: | |
|---|---|
| Altri autori: | |
| Natura: | Libro |
| Lingua: | inglese |
| Pubblicazione: |
Frankfurt/Main
Dechema
2007
|
| Serie: | Chemistry Data Series, Vol. I, Part 2i
|
| Soggetti: | |
| Accesso online: | Visualizza in OPAC |
| Tags: |
Nessun Tag, puoi essere il primo ad aggiungerne!!
|
MARC
| LEADER | 00000nam a2200000 a 4500 | ||
|---|---|---|---|
| 005 | 20260127134107.0 | ||
| 008 | 081029 2008 gw 000 0 eng d | ||
| 020 | |a 9783897460898 | ||
| 035 | |a vtls009354718 | ||
| 039 | 9 | |a 200810291224 |b mschk03 |y 200810291220 |z mschk03 | |
| 040 | |a STUSCHK1 |b slo |c STUSCHK1 |e AACR2 | ||
| 080 | |a 541.3/63 | ||
| 100 | 1 | |a Gmehling, Jurgen, 1946- | |
| 245 | 1 | |a Vapor-liquid equilibrium data collection |b Alcohols: Supplement 7, 2-propyn-1-ol, 2-propen-1-ol, 2,3-epoxy-1-propanol, 1-propanol, 2-propanol, 1,2-propanediol |c J. Gmehling, U. Onken | |
| 260 | |a Frankfurt/Main |b Dechema |c 2007 | ||
| 300 | |a xxiii,715 p. |b ill. |c 24,5 cm | ||
| 490 | 0 | |a Chemistry Data Series, Vol. I, Part 2i | |
| 650 | 0 | |a Vapor-liquid equilibrium |x Tables | |
| 700 | 1 | |a Onken, U. | |
| 910 | |a SCHK95 | ||
| 919 | |a 978-3-89746-089-8 | ||
| 999 | |c 3940 |d 3940 | ||